000
00324nam a2200121 a 4500
005
20140414131911.0
008
101012s19uu xx 00 eng d
050
_a
ER
_b
B63 1995
100
_a
Sadler, Marilyn
245
_a
Bob 'n John :
_b
At lake kitty paw paw.
260
_a
s.l :
_b
Troll Associates,
_c
1995.
999
_c
111212
_d
111212